Riconosci lo Stato - Quiz n°132 - Statistics

Statistiche generali
  • Questo quiz è stato fatto 30 volte
  • Il punteggio medio è 10 su 13
Statistiche sulle risposte
Indizio Risposta % Corretto
Re Carlo III Governatore generale: Cynthia A. Pratt
96%
Iniziale della Capitale N
93%
Superficie 13.943 km²
89%
Fuso Orario UTC-5
89%
Popolazione 388.020 ab.
85%
Indipendenza dal Regno Unito 10 luglio 1973
85%
Primo ministro Philip Davis
85%
Valuta Dollaro
78%
Forma di Governo Monarchia costituzionale (Reame del Commonwealth)
74%
Tasso di crescita 1,4%
70%
PIL (nominale) 8 149 milioni di $
70%
ISU 0,771
67%
Risposta Bahamas
67%
Nessun quiz corrispondente trovato
Distribuzione punteggi
Percentuale di utenti per punteggio
Percentile per numero di risposta
I tuoi punteggi nel tempo
Non hai fatto questo quiz